Απορία τέχνες και σκέψεις κατεργάζεται : φιλοσοφικές έρευνες στη σύγχρονη τέχνη

Αποθηκεύτηκε σε:
Λεπτομέρειες βιβλιογραφικής εγγραφής
Κύριος συγγραφέας: Ζήκα, Φαίη
Μορφή: Βιβλίο
Γλώσσα:Greek
Δημοσίευση: Αθήνα : Άγρα, 2018.
Θέματα:
Ετικέτες: Προσθήκη ετικέτας
Δεν υπάρχουν, Καταχωρήστε ετικέτα πρώτοι!

MARC

LEADER 00000cam a2200000 a 4500
001 1/125154
008 220624s2018####gr | ||| |||| ||gre||
020 |a 9789605053253 
040 |a GR-MyUa  |b gre  |c GR-MyUa  |e AACR2 
041 0 |a gre 
082 7 |a 701  |2 (23) 
100 1 |a Ζήκα, Φαίη. 
245 1 0 |a Απορία τέχνες και σκέψεις κατεργάζεται :   |b φιλοσοφικές έρευνες στη σύγχρονη τέχνη /   |c Φαίη Ζήκα.  
260 |a Αθήνα :   |b Άγρα,   |c 2018.  
300 |a 174 σ. ;   |c 21 εκ.  
504 |a Περιλαμβάνει βιβλιογραφικές παραπομπές.  
650 0 |a Art  |x Philosophy. 
650 0 |a Art, Modern  |x Philosophy. 
852 |a INST  |b LESVOS  |c EUDOXUS  |e 20220624  |h 701 ΖΗΚ  |p 005100064197  |q 005100064197  |t EDX  |y 0 
920 |a Εύδοξος  |b Παραγγελία  |y Λέσβος-ΤΠΤΕ  |z 2022-05 
970 |a Δημάκη  |b Μαρία  |z 24-06-2022